Länder, die größer sind als die Ukraine - Sudden Death - Statistiken

Allgemein
  • Dieses Quiz wurde 182 mal gespielt
  • Das Durchschnittsergebnis liegt bei 5 aus 12
Answers on the Grid
Answers color-coded by a green-red scale on the quiz's grid according to % correct below.
Frankreich🇫🇷
Spanien🇪🇸
Kamerun🇨🇲
Oman🇴🇲
Jemen🇾🇪
Irak🇮🇶
Thailand🇹🇭
Uganda🇺🇬
Schweden🇸🇪
Japan🇯🇵
Neuseeland🇳🇿
Türkei🇹🇷
Chile🇨🇱
Kasachstan🇰🇿
Nigeria🇳🇬
Niger🇳🇪
Indonesien🇮🇩
Äthiopien🇪🇹
Russland🇷🇺
Myanmar🇲🇲
Argentinien🇦🇷
Mexiko🇲🇽
Kolumbien🇨🇴
Turkmenistan🇹🇲
 
Antwortstatistiken
Antwort % Korrekt
Russland🇷🇺
76%
Kasachstan🇰🇿
66%
Argentinien🇦🇷
58%
Mexiko🇲🇽
56%
Indonesien🇮🇩
49%
Türkei🇹🇷
45%
Nigeria🇳🇬
41%
Äthiopien🇪🇹
35%
Kolumbien🇨🇴
31%
Niger🇳🇪
29%
Myanmar🇲🇲
17%
Chile🇨🇱
10%
Keine übereinstimmenden Quizze gefunden
Verteilung der Resultate
Anzahl Personen mit jedem Resultat
Perzentil nach korrekt beantworteten Fragen
Ihre Resultats-Entwicklung
Sie haben dieses Quiz noch nicht gespielt